000 00281nam a2200121Ia 4500
008 190216s9999||||xx |||||||||||||| ||und||
100 _aNull
245 0 _aHindi-Madin Hindi Vyakarana Thatha Sand
260 _bShantha Book Stall
300 _a112
650 _aHindi
942 _cBK
999 _c15771
_d15771